| 000 | 00608nam a22002057a 4500 | ||
|---|---|---|---|
| 001 | 9033 | ||
| 003 | FISKH | ||
| 005 | 20251117084512.0 | ||
| 008 | 251117b cb ||||| |||| 00| 0 eng d | ||
| 020 | _a9780590489973 | ||
| 040 |
_aFISKH _beng _cFISKH _dFISKH |
||
| 082 | _a372.4 | ||
| 100 | _aScholastic | ||
| 245 |
_aMeet the challenge : _bProblem solving : Problem solving is a survival skill. / _cBy Scholastic |
||
| 260 |
_aNew York : _bScholastic , _c1996. |
||
| 300 |
_a144 pages : _bcolor illustrations ; _c28 cm . |
||
| 490 | _a Scholastic literacy place | ||
| 942 |
_2ddc _cBK _n0 |
||
| 999 |
_c9033 _d9033 |
||